مكتبة جامعة عجلون الوطنية

فهرس بحث المكتبة

أثر تفعيل عملية التقدير الذاتي ومسؤولية المدقق في تعزيز ثقة المكلفين والحد من ظاهرة التهرب الضريبي في الأردن : دراسة ميدانية = The impact of Enforcing Tax Payers Self Assessment & Aauditios Responsibility in Enhancing their Confidence & and Reducing Tax Evasion in Jordan : An Empirical Study / (Record no. 33032)

MARC details
000 -LEADER
fixed length control field 01490nam a2200265Ii 4500
003 - CONTROL NUMBER IDENTIFIER
control field JO-AjNU
005 - DATE AND TIME OF LATEST TRANSACTION
control field 20240623124959.0
008 - FIXED-LENGTH DATA ELEMENTS--GENERAL INFORMATION
fixed length control field 230605s9999||||xx |||||||||||||| ||und||
040 ## - CATALOGING SOURCE
Original cataloging agency JO-AjNU
Language of cataloging ara
Description conventions rda
Transcribing agency JO-AjNU
041 ## - LANGUAGE CODE
Language code of text/sound track or separate title ara
050 ## - LIBRARY OF CONGRESS CALL NUMBER
Classification number HF5681.
Item number T3.Z3476 2003
100 #1 - MAIN ENTRY--PERSONAL NAME
Personal name زيتون، ريم غسان
9 (RLIN) 64847
Relator term معد
245 #0 - TITLE STATEMENT
Title أثر تفعيل عملية التقدير الذاتي ومسؤولية المدقق في تعزيز ثقة المكلفين والحد من ظاهرة التهرب الضريبي في الأردن : دراسة ميدانية = The impact of Enforcing Tax Payers Self Assessment & Aauditios Responsibility in Enhancing their Confidence & and Reducing Tax Evasion in Jordan : An Empirical Study /
Statement of responsibility, etc. إعداد ريم غسان زيتون ؛ إشراف أحمد محمد العمري
260 ## - PUBLICATION, DISTRIBUTION, ETC.
Date of publication, distribution, etc. 2003
300 ## - PHYSICAL DESCRIPTION
Extent 134 ورقة
336 ## - CONTENT TYPE
Content type term text
Content type code txt
Source rdacontent
337 ## - MEDIA TYPE
Media type term unmediated
Media type code n
Source rdamedia
338 ## - CARRIER TYPE
Carrier type term volume
Carrier type code nc
Source rdacarrier
500 ## - GENERAL NOTE
General note رسالة جامعية (ماجستير)- جامعة اليرموك،كلية الاقتصاد والعلوم الادارية، قسم المحاسبة2003.
501 ## - WITH NOTE
With note تحتوي على ملاحق
504 ## - BIBLIOGRAPHY, ETC. NOTE
Bibliography, etc. note تحتوي على مراجع باللغتين العربية والانجليزية
650 40 - SUBJECT ADDED ENTRY--TOPICAL TERM
Topical term or geographic name entry element الضرائب-محاسبة-التهرب الضريبي-الاردن.
9 (RLIN) 64762
700 #1 - ADDED ENTRY--PERSONAL NAME
Personal name العمري، محمد أحمد
9 (RLIN) 51125
Relator term مشرف
942 ## - ADDED ENTRY ELEMENTS (KOHA)
Source of classification or shelving scheme Library of Congress Classification
Koha item type Thesis
Holdings
Withdrawn status Lost status Source of classification or shelving scheme Damaged status Not for loan Home library Current library Shelving location Date acquired Total Checkouts Full call number Barcode Date last seen Price effective from Koha item type
    Library of Congress Classification     مكتبة جامعة عجلون الوطنية مكتبة جامعة عجلون الوطنية المجموعات العامة 06/06/2023   HF5681.T3.Z3476 2003 A29464 06/06/2023 06/06/2023 Thesis